000
00311nam a2200121Ia 4500
008
220204s9999 xx 000 0 und d
082
_a
330.115
_b
KLE
100
_a
KLEIN, Lawrence R
245
0
_a
Introduction to econometrics
260
_a
New Delhi
_b
Prentice Hall
_c
1965
650
_a
Econometrics
942
_c
BK
999
_c
20939
_d
20939